| 000 | 00635nam a2200205 i 4500 | ||
|---|---|---|---|
| 001 | 83817 | ||
| 003 | ES-MaACL | ||
| 005 | 20231229063021.0 | ||
| 007 | t| | ||
| 008 | 041118m19681969sp ||||1| spa d | ||
| 100 | 1 |
_aIonesco, Eugène, _d1909-1994 _965378 |
|
| 245 | 1 | 0 |
_aDiario / _cEugenio Ionesco ; [tradujo Marcelo Arroita-Jaúregui]. |
| 260 |
_aMadrid : _bGuadarrama, _c[1968-1969] |
||
| 300 |
_a2 v. ; _c18 cm. |
||
| 490 | 1 |
_aPunto Omega ; _v57 ; 58 |
|
| 700 | 1 |
_aArroita-Jauregui, Marcelo. _923336 |
|
| 830 | 0 |
_aPunto Omega ; _v57 ; 58 _9180707 |
|
| 852 |
_aES-MaACL _jC-35857-8 _bR.68348 |
||
| 999 |
_c83817 _d83817 |
||